Memory

Guardat en:
Dades bibliogràfiques
Autor principal: Baddeley, Alan
Altres autors: Eysenck, Michael W., Anderson, Michael C.
Format: Desconegut
Idioma:anglès
Publicat: London, United Kingdom. Routledge, 2020
Edició:Third Edition
Matèries:
Etiquetes: Afegir etiqueta
Sense etiquetes, Sigues el primer a etiquetar aquest registre!

MARC

LEADER 00000 a2200000 4500
003 CL-VaPUC
005 20211001124503.0
008 210223b ||||| |||| 00| 0 eng d
999 |c 432460  |d 432458 
020 |a 9781138326095 
040 |c Pontificia Universidad Católica de Valparaíso 
082 |a 153.12 BAD 2020 
100 |a Baddeley, Alan   |9 859154 
245 |a Memory 
250 |a Third Edition  
260 |a London, United Kingdom.   |b Routledge,  |c 2020 
300 |a 611 páginas  
583 |k Cristina Rojas  |c 20210223 
650 0 |a Memoria  |9 266549 
700 |a Eysenck, Michael W.   |9 859588 
700 |a Anderson, Michael C.   |9 859589 
852 |a BIBCUR 
942 |2 ddc  |c BK 
952 |0 0  |1 0  |2 ddc  |4 0  |6 153_120000000000000_BAD_2020  |7 0  |9 577543  |a BIBEDU  |b BIBEDU  |d 2021-02-23  |e 102  |g 35921.00  |i 5582490  |l 2  |o 153.12 BAD 2020  |p 5582490  |r 2023-06-23  |s 2023-06-13  |t 1  |v 35921.00  |w 2021-02-23  |y BK  |k LIT